Local Finance, Fiscal Decentralization and Decentralised Planning: a Kerala Experience/ (Record no. 178478)

MARC details
000 -LEADER
fixed length control field 00683nam a22001817a 4500
005 - DATE AND TIME OF LATEST TRANSACTION
control field 20210331155755.0
010 ## - LCCN (DPL NO)
LC control number ENG-129362
020 ## - INTERNATIONAL STANDARD BOOK NUMBER
International Standard Book Number 978-93-5388-306-5
Terms of availability 1195.00
035 ## - SYSTEM CONTROL NUMBER
System control number EN-112894
037 ## - SOURCE OF ACQUISITION
Source of stock number/acquisition DBAD/PUB
082 ## - DEWEY DECIMAL CLASSIFICATION NUMBER
Classification number 338.95483
100 ## - MAIN ENTRY--PERSONAL NAME
Personal name Prakash, B. A.
245 ## - TITLE STATEMENT
Title Local Finance, Fiscal Decentralization and Decentralised Planning: a Kerala Experience/
Statement of responsibility, etc B. A. Prakash
260 ## - PUBLICATION, DISTRIBUTION, ETC. (IMPRINT)
Place of publication, distribution, etc New Delhi
Name of publisher, distributor, etc Sage Publication India
Date of publication, distribution, etc 2020
270 ## - ADDRESS
Address B1/1-1 Mohan Cooperative Industrial Area Mathura Road
City New Delhi
Postal code 110044
300 ## - PHYSICAL DESCRIPTION
Extent xix+229p.
Dimensions 22cm(hbk)
Other physical details Including tables, bibliographical references and index.
942 ## - ADDED ENTRY ELEMENTS (KOHA)
Source of classification or shelving scheme Dewey Decimal Classification
Item type English Books
Classification part 338.95483
Call number suffix PRA
Holdings
Withdrawn status Lost status Not for loan Collection code Home library Current library Date acquired Source of acquisition Cost, normal purchase price Full call number Barcode Copy number Cost, replacement price Koha item type
      Non-fiction Bawana Bawana 31/03/2021 DBAD/PUB 1195.00 338.95483 PRA EN-112894 1 1195.00 English Books

© Delhi Public Library
Hit Counter
free hit counter